[Event "Montreal op"]
[Site "Montreal"]
[Date "1994.09.04"]
[Round "2"]
[White "Bannon, Eric"]
[Black "Lafortune, Normand"]
[Result "1-0"]
[WhiteElo "1904"]
[BlackElo "2113"]
[PlyCount "53"]
[EventDate "1994.09.03"]
[EventType "swiss"]
[EventRounds "5"]
[EventCountry "CAN"]
[SourceTitle "EXT 2022"]
[Source "ChessBase"]
[SourceDate "2021.10.06"]
[SourceVersion "1"]
[SourceVersionDate "2021.10.06"]
[SourceQuality "1"]

1. e4 e6 2. d4 d5 3. e5 c5 4. c3 Nc6 5. Nf3 Bd7 6. Be2 f6 7. exf6 Nxf6 8. 0-0 Qc7 9. Re1 Bd6 10. Nbd2 0-0 11. h3 Rae8 12. Bd3 b6 13. a3 a5 14. Bc2 Re7 15. Nf1 b5 16. Bg5 c4 17. N1h2 Be8 18. Ng4 Bf4 19. Bh4 Bh5 20. Nfe5 Bxg4 21. Nxg4 Nd8 22. Ne5 Nc6 23. Ng4 Nxg4 24. Qxg4 Ref7 25. Rxe6 Bh2+ 26. Kh1 Nd8 27. Re2 1-0

[Event "Quebec op"]
[Site "Montreal"]
[Date "1993.08.01"]
[Round "2"]
[White "Lafortune, Normand"]
[Black "Barsov, Alexei"]
[Result "0-1"]
[WhiteElo "2039"]
[BlackElo "2436"]
[PlyCount "78"]
[EventDate "1993.07.31"]
[EventType "swiss"]
[EventRounds "8"]
[EventCountry "CAN"]
[SourceTitle "EXT 2022"]
[Source "ChessBase"]
[SourceDate "2021.10.06"]
[SourceVersion "1"]
[SourceVersionDate "2021.10.06"]
[SourceQuality "1"]

1. e4 e6 2. d4 d5 3. Nc3 Nf6 4. Bg5 dxe4 5. Nxe4 Be7 6. Bxf6 Bxf6 7. Nf3 Nd7 8. Bd3 c5 9. Nxf6+ Qxf6 10. c3 0-0 11. 0-0 cxd4 12. cxd4 g6 13. Re1 Rd8 14. Rc1 Nb6 15. Be4 Qe7 16. Rc5 Rb8 17. Qc1 Bd7 18. h4 Be8 19. h5 Rdc8 20. hxg6 hxg6 21. Rxc8 Rxc8 22. Qh6 Qf8 23. Qxf8+ Kxf8 24. Bxb7 Rc2 25. Rb1 Na4 26. Be4 Re2 27. Bd3 Rxb2 28. Rxb2 Nxb2 29. Be4 Na4 30. Bd3 Nc3 31. Bc4 Ke7 32. Kf1 f6 33. Ke1 Bc6 34. Kd2 Bxf3 35. gxf3 Na4 36. f4 Nb6 37. Bb3 Kd6 38. Kc3 Nc8 39. Kd3 Ne7 0-1

[Event "Quebec Carnaval"]
[Site "Quebec"]
[Date "1993.02.06"]
[Round "3"]
[White "Morin, Louis"]
[Black "Lafortune, Normand"]
[Result "0-1"]
[WhiteElo "2020"]
[BlackElo "2032"]
[PlyCount "90"]
[EventDate "1993.02.05"]
[EventType "swiss"]
[EventRounds "5"]
[EventCountry "CAN"]
[SourceTitle "EXT 2022"]
[Source "ChessBase"]
[SourceDate "2021.10.06"]
[SourceVersion "1"]
[SourceVersionDate "2021.10.06"]
[SourceQuality "1"]

1. e4 e6 2. d4 d5 3. Nc3 Bb4 4. e5 Qd7 5. a3 Bxc3+ 6. bxc3 b6 7. a4 Ba6 8. Bxa6 Nxa6 9. Qd3 Nb8 10. Nf3 Nc6 11. 0-0 Na5 12. Ba3 h5 13. Nd2 Nh6 14. Nb3 Nc4 15. Bc1 Nf5 16. Nd2 Qc6 17. Re1 a5 18. Ba3 Qxa4 19. Nxc4 Qxc4 20. Qxc4 dxc4 21. Rab1 Kd7 22. Rb5 Kc6 23. Reb1 Rhd8 24. Kf1 Rd5 25. Rxd5 Kxd5 26. Ke2 Rb8 27. g3 b5 28. Bc5 b4 29. f3 b3 30. Rb2 a4 31. g4 hxg4 32. fxg4 Nh4 33. cxb3 axb3 34. Be7 Ra8 35. Bg5 Ra2 36. Bc1 Ra1 37. Kd1 Ke4 38. Re2+ Kf3 39. Re3+ Kxg4 40. Rg3+ Kf5 41. Rg5+ Ke4 42. Rg4+ Kd5 43. Kd2 Ra2+ 44. Kd1 Nf5 45. h4 b2 0-1

[Event "Quebec op"]
[Site "Montreal"]
[Date "1992.08.08"]
[Round "8"]
[White "Cazelais, Marc"]
[Black "Lafortune, Normand"]
[Result "1-0"]
[WhiteElo "2123"]
[BlackElo "2004"]
[PlyCount "79"]
[EventDate "1992.07.31"]
[EventType "swiss"]
[EventRounds "8"]
[EventCountry "CAN"]
[SourceTitle "EXT 2022"]
[Source "ChessBase"]
[SourceDate "2021.10.06"]
[SourceVersion "1"]
[SourceVersionDate "2021.10.06"]
[SourceQuality "1"]

1. e4 e6 2. d4 d5 3. Nc3 Bb4 4. e5 Qd7 5. Qg4 f5 6. Qg3 b6 7. Nh3 Ba6 8. Bxa6 Nxa6 9. Nf4 0-0-0 10. a3 Bxc3+ 11. Qxc3 g5 12. Nd3 h6 13. a4 Ne7 14. b4 Qc6 15. Qd2 Qc4 16. c3 Nb8 17. b5 c6 18. Ba3 Ng6 19. 0-0 Nf4 20. Nxf4 gxf4 21. Qxf4 Rdg8 22. Qd2 Rg5 23. Be7 Rg4 24. f3 Rg6 25. Rfb1 Rhg8 26. g3 cxb5 27. axb5 Qc7 28. Bh4 Qf7 29. f4 Rg4 30. Kh1 Qh5 31. Qf2 Qf7 32. Rb4 Qd7 33. Qf3 R8g7 34. Bf6 Rf7 35. c4 Qb7 36. Rba4 Qa8 37. Rc1 Kd7 38. cxd5 exd5 39. Qa3 a5 40. Qd6+ 1-0

[Event "Quebec op"]
[Site "Montreal"]
[Date "1991.08.01"]
[Round "6"]
[White "Teuton, Frank"]
[Black "Lafortune, Normand"]
[Result "1/2-1/2"]
[WhiteElo "2144"]
[BlackElo "1997"]
[PlyCount "82"]
[EventDate "1991.07.27"]
[EventType "swiss"]
[EventRounds "8"]
[EventCountry "CAN"]
[SourceTitle "EXT 2022"]
[Source "ChessBase"]
[SourceDate "2021.10.06"]
[SourceVersion "1"]
[SourceVersionDate "2021.10.06"]
[SourceQuality "1"]

1. e4 e6 2. d4 d5 3. Nc3 Bb4 4. Nge2 dxe4 5. a3 Bxc3+ 6. Nxc3 Nc6 7. Be3 Nf6 8. Qd2 Ne7 9. 0-0-0 Ned5 10. Bg5 Bd7 11. f3 Nxc3 12. Qxc3 Nd5 13. Qd2 e3 14. Bxe3 Nxe3 15. Qxe3 0-0 16. Bd3 Bc6 17. h4 b5 18. Qg5 h6 19. Qe3 a5 20. Rh3 Qd6 21. g4 b4 22. a4 Bxa4 23. g5 h5 24. g6 fxg6 25. Kb1 Be8 26. Rg1 Rf6 27. Rhg3 Kh7 28. Rg5 Rf5 29. Bxf5 exf5 30. R5g2 Bf7 31. Qe5 Qc6 32. Rg5 Qxf3 33. Qxc7 Qd5 34. Qb6 Qa2+ 35. Kc1 Qa1+ 36. Kd2 Qxb2 37. Rxg6 Qc3+ 38. Kd1 Qf3+ 39. Kc1 Qa3+ 40. Kd1 Qf3+ 41. Kc1 Qa3+ 1/2-1/2

[Event "Quebec op"]
[Site "Montreal"]
[Date "1983.07.26"]
[Round "3"]
[White "Lafortune, Normand"]
[Black "Bolduc, Steve"]
[Result "0-1"]
[WhiteElo "1811"]
[BlackElo "2087"]
[PlyCount "60"]
[EventDate "1983.07.24"]
[EventType "swiss"]
[EventRounds "8"]
[EventCountry "CAN"]
[SourceTitle "EXT 2022"]
[Source "ChessBase"]
[SourceDate "2021.10.06"]
[SourceVersion "1"]
[SourceVersionDate "2021.10.06"]
[SourceQuality "1"]

1. e4 e6 2. d4 d5 3. Nd2 c5 4. Ngf3 Nf6 5. e5 Nfd7 6. c4 cxd4 7. cxd5 exd5 8. Bb5 Nc6 9. 0-0 Qb6 10. Qe2 d3 11. Bxd3 Nc5 12. Bb5 Be7 13. b4 Ne6 14. Nb3 0-0 15. Rd1 Nxb4 16. Be3 Qd8 17. a3 Nc6 18. Qd2 Nc7 19. Be2 b6 20. Nbd4 Na5 21. Qa2 Bc5 22. Rac1 Qe7 23. Bg5 Qd7 24. Bd2 Nc4 25. Bxc4 dxc4 26. Be3 Ba6 27. Nc2 Qe7 28. Bg5 Qe6 29. Nfd4 Qg6 30. Be3 Nd5 0-1